| 000 | 01068nam0a22002531 4500 | ||
|---|---|---|---|
| 001 | rc\4231310 | ||
| 005 | 20260407193535.0 | ||
| 021 |
_aRU _bРг7766-58 |
||
| 035 | _a(NLR Aleph) 008226576 | ||
| 090 |
_a8189633 _c8189633 |
||
| 100 | _a20130416d1958 |||y0rusy50 ca | ||
| 101 | 0 | _arus | |
| 102 | _aRU | ||
| 105 | _aa z ||||| | ||
| 200 | 1 |
_aАгрегат (типа) АМГ-4 _eТехн. описание и инструкция по эксплуатации _fГлавниипроект при Госплане СССР. НИИ электропром-сти. ЦБТИ. Совет нар. хозяйства Кемер. адм. района. Прокопьев. завод "Электромашина" |
|
| 210 |
_aМосква _cБ. и. _d1958 |
||
| 215 |
_a16 с., 1 л. черт. _cсхем. _d22 |
||
| 517 | 0 | _aАгрегат АМГ-4 | |
| 712 | 0 | 2 |
_a"Электромашина", завод _cПрокопьевск _3RU\NLR\AUTH\8810127367 _9751996 |
| 801 | 0 |
_aRU _bNLR _gpsbo |
|
| 801 | 1 |
_aRU _bELAR _2rusmarc |
|
| 852 |
_aNLR _j58-6/9485 |
||
| 942 | _cBOOK | ||
| 980 | _aNB | ||